01143nam a2200265 a 450000100100000000500170001000800410002704000250006808200230009310000300011624500360014625000110018226000400019330000280023359000660026159000260032765000160035365000360036965000340040591000420043995201350048195201200061695201260073699900150086200000673820240516194749.0090902s2006 dr a r 000 0 spa d aDO-SdBNPbspacBNPHU a641.5bH557c, 20061 aHernández, Xilia91876110aCocinarte /cXilia Hernández. a4a ed. aSanto Domingo :bCentenario,c2006. a464 p. :bil. ;c23 cm. aLa biblioteca posee 3 ejemplares autografiados por la autora. aInventariado, 2018/BT 0aCocina9360 4aPreparación de alimentos9193 4aDieta baja en calorias918762 aValidado. Control de calidad. MMOLINA 001054708DSaGRbGRcHDd2009-09-02iLF1l0o641.5 H557c, 2006p6738-20r2020-06-25te. 3w2020-06-25yLFDSZPréstamo en sala 0010718PDaPDbPDcHDd2009-09-02iLF1l0o641.5 H557c, 2006p6738-10r2020-06-25w2020-06-25yLFPDZNo se presta 0010718PDaPDbPDcHDd2009-09-04iLF1l0o641.5 H557c, 2006p6738-30r2020-06-25te. 2w2020-06-25yLFPDZNo se presta c6527d6527